书目信息 |
| 题名: |
实用统计选讲
|
|
| 作者: | 吴灵之 主编 | |
| 分册: | ||
| 出版信息: | 石家庄 河北科学技术出版社 1996 |
|
| 页数: | 415页 | |
| 开本: | 20cm | |
| 丛书名: | ||
| 单 册: | ||
| 中图分类: | C81 | |
| 科图分类: | ||
| 主题词: | 统计--方法 | |
| 电子资源: | ||
| ISBN: | 7-5375-0457-1 | |
| 000 | 00596nam0 2200205 450 | |
| 001 | 0735464768 | |
| 005 | 20070707154023.81 | |
| 010 | @a7-5375-0457-1@dCNY12.20 | |
| 100 | @a20070706d1996 km y0chiy0120 ea | |
| 101 | 0 | @achi |
| 102 | @aCN@b130000 | |
| 200 | 1 | @a实用统计选讲@Ashi yong tong ji xuan jiang@f吴灵之主编@Fwu ling zhi zhu bian |
| 210 | @a石家庄@c河北科学技术出版社@d1996 | |
| 215 | @a415页@d20cm | |
| 300 | @a河北省中学教师进修高等师范专科教材 | |
| 606 | 0 | @a统计@x方法 |
| 690 | @aC81@v3 | |
| 701 | 0 | @a吴灵之@Awu ling zhi@4主编 |
| 801 | 0 | @aCN@bPFT@c20070707 |
| 905 | @a10447@dC81@e65 | |
| 实用统计选讲/吴灵之主编.-石家庄:河北科学技术出版社,1996 |
| 415页;20cm |
| 河北省中学教师进修高等师范专科教材 |
| ISBN 7-5375-0457-1:CNY12.20 |
| ● |
| 相关链接 |
|
|
|
|
正题名:实用统计选讲
索取号:C81/65
 
预约/预借
| 序号 | 登录号 | 条形码 | 馆藏地/架位号 | 状态 | 备注 |
| 1 | 0766886 | 207668861 | 第一样本阅览室/ [索取号:C81/65] | 在馆 |